书目信息 |
| 题名: |
Oracle数据库系统原理
|
|
| 作者: | 李爱武 编著 | |
| 分册: | ||
| 出版信息: | 北京 北京邮电大学出版社 2007.03 |
|
| 页数: | 210页 | |
| 开本: | 26cm | |
| 丛书名: | ||
| 单 册: | ||
| 中图分类: | TP311.138 | |
| 科图分类: | ||
| 主题词: | 关系数据库--guan xi shu ju ku--数据库管理系统--高等学校--教材 | |
| 电子资源: | ||
| ISBN: | 9787563508716 | |
| 000 | 00925nam0 2200241 450 | |
| 001 | 012007172370 | |
| 005 | 20070509104058.78 | |
| 010 | @a9787563508716@dCNY21.00 | |
| 100 | @a20070405d2007 km y0chiy0120 ea | |
| 101 | 0 | @achi |
| 102 | @aCN@b110000 | |
| 105 | @ay a 000yy | |
| 200 | 1 | @aOracle数据库系统原理@AOracle shu ju ku xi tong yuan li@f李爱武编著@Fli ai wu bian zhu |
| 210 | @a北京@c北京邮电大学出版社@d2007.03 | |
| 215 | @a210页@d26cm | |
| 300 | @a21世纪高职高专计算机类规划教材 | |
| 320 | @a有书目 (第209-210页)。 | |
| 330 | @a本书包括数据库基本理论以及Oracle数据库系统知识两部分,主要包括关系模型基本理论,ER图及范式理论,SQL语言,Oracle存储空间的分配及释放时机,索引原理,事务处理及锁,备份恢复原理等。 | |
| 606 | 0 | @a关系数据库@Aguan xi shu ju ku@x数据库管理系统@x高等学校@j教材 |
| 690 | @aTP311.138@v4 | |
| 701 | 0 | @a李爱武@Ali ai wu@4编著 |
| 801 | 0 | @aCN@c20070509 |
| 905 | @a10447@dTP311.138@eL127 | |
| Oracle数据库系统原理/李爱武编著.-北京:北京邮电大学出版社,2007.03 |
| 210页;26cm |
| 21世纪高职高专计算机类规划教材 |
| ISBN 9787563508716:CNY21.00 |
| 本书包括数据库基本理论以及Oracle数据库系统知识两部分,主要包括关系模型基本理论,ER图及范式理论,SQL语言,Oracle存储空间的分配及释放时机,索引原理,事务处理及锁,备份恢复原理等。 |
| ● |
| 相关链接 |
|
|
|
正题名:Oracle数据库系统原理
索取号:TP311.138/L127
 
预约/预借
| 序号 | 登录号 | 条形码 | 馆藏地/架位号 | 状态 | 备注 |
| 1 | 239717 | 202397174 | 期刊室512/301自科库 41排4列1层/ [索取号:TP311.138/L127] | 在馆 | |
| 2 | 239718 | 202397183 | 期刊室512/301自科库 41排4列1层/ [索取号:TP311.138/L127] | 在馆 |